| 000 | 00436nam a2200169Ia 4500 | ||
|---|---|---|---|
| 005 | 20250508152035.0 | ||
| 008 | 008 250505s9999 xx 000 0 eng d | ||
| 037 | _aTextual | ||
| 040 |
_aFEDL _beng _cFEDL |
||
| 041 |
_aeng _2eng |
||
| 084 |
_a379.23, SAI _qFEDL |
||
| 100 | _aSaiyidain K G | ||
| 245 | 0 | _aCompulsory education in India | |
| 300 | _a191p. | ||
| 942 |
_cTEXL _h379.23, SAI |
||
| 999 |
_c1333853 _d1333853 |
||